oasis best songs (not in any order) - Statistics

General Stats
  • This quiz has been taken 1,073 times
  • The average score is 7 of 12
Answer Stats
Hint Answer % Correct
1995 Wonderwall
98%
1995 Don't look back in anger
90%
1994 Live forever
79%
1994 Supersonic
74%
1995 Champagne supernova
70%
2002 stop crying your heart out
55%
1997 Stand by me
53%
1994 Cigarettes and alcohol
45%
1995 Some might say
41%
2002 little by little
38%
1994 Whatever
33%
1995 Cast no shadow
30%
No matching quizzes found
Score Distribution
Percent of People with Each Score
Percentile by Number Answered
Your Score History
You have not taken this quiz